000 01190nam a2200325 i 4500
003 EG-GICUC
005 20260408122649.0
008 260408s1980 ua a|||fr|||| 00| 0 ara d
017 _a1980/3742
020 _a9772564122
040 _a EG-GICUC
_bara
_c EG-GICUC
_d EG-GICUC
_erda
041 _aara
082 0 4 _221
_a341.762
_bم ح . ن
092 0 4 _221
099 _aLaw1 11 341.762 م ح . ن 1980
100 0 _aمحمود ماهر محمد ماهر
_eمؤلف.
245 1 _aنظام الضمانات الدولية للاستخدامات السليمة للطاقة النووية /
_cمحمود ماهر محمد ماهر.
264 _aالقاهرة:
_bدار النهضة المصرية,
_c1980.
300 _a542 صفحة ؛
_c24 سم
_bإيضاحيات، صور، مثيليات ؛
336 _2rda content
_atext
337 _2rda media
_aComputer
338 _2rda carrier
_aOnline Resource
546 _aالنص باللغة العربية
650 1 _aدولي عام
_2qrmak
650 1 _aالطاقة النووية
_2qrmak
651 1 _2qrmak
856 4 0 _uhttps://fll.law.cu.edu.eg/fulltext/bks/B11-09874.pdf
905 _a72
942 _2ddc
_cBK
_e21
_n0
999 _c69692
_d69692